000 00508nam a22001577a 4500
008 160709b xxu||||| |||| 00| 0 eng d
020 _a9712710068
082 _22000
_aDFil 899.2113
_bAn8
245 _aAn anthology of winning works:
_bthe 1980s poetry Don Carlos Palanca Foundation/
260 _aPasig City:
_bAnvil Publishing Inc.,
_cc2000.
300 _avii, 523 pages:
_c22.5 cm.
650 0 _911093
_aAnthologies
650 0 _911094
_aPhilippine literature
650 0 _911095
_aPoetry
942 _2ddc
_cDFIL
999 _c3329
_d3329